Innovation in primary school construction; Maldives community schools/ by Mohamed Luthfi; Habeeba Zubair. (Record no. 139727)

MARC details
000 -CABECERA
campo de control de longitud fija 00858nam a2200229 a 4500
005 - FECHA Y HORA DE LA ÚLTIMA TRANSACCIÓN
campo de control 20210219160538.0
008 - ELEMENTOS DE LONGITUD FIJA--INFORMACIÓN GENERAL
campo de control de longitud fija 081110s2000 mx r 000 0 spa d
035 ## - NÚMERO DE CONTROL DEL SISTEMA
Número de control de sistema UPN01000167616
049 ## - COLECCIÓN
Colección UNE
080 ## - NÚMERO DE CLASIFICACIÓN DECIMAL UNIVERSAL
Número de la Clasificación Decimal Universal 727.1 (548.82) =20 LUT No.12.
100 1# - ASIENTO PRINCIPAL--NOMBRE PERSONAL
Nombre de persona Luthfi, Mohamed
245 10 - MENCIÓN DE TÍTULO
Título Innovation in primary school construction; Maldives community schools/ by Mohamed Luthfi; Habeeba Zubair.
260 ## - PUBLICACIÓN, DISTRIBUCIÓN, ETC.
Lugar de publicación, distribución, etc. Bangkok : UNESCO, 1986.
300 ## - DESCRIPCIÓN FÍSICA
Extensión 35 p.; 30 x 21 cm. il., map.
440 #0 - MENCIÓN DE SERIE/ASIENTO SECUNDARIO--TÍTULO
Título Educational building report; 12
690 ## - PUNTO DE ACCESO ADICIONAL DE MATERIA LOCAL--TÉRMINO DE MATERIA (OCLC, RLIN)
Término de materia o nombre geográfico como elemento inicial Edificios educacionales- Enseñanza primaria
690 ## - PUNTO DE ACCESO ADICIONAL DE MATERIA LOCAL--TÉRMINO DE MATERIA (OCLC, RLIN)
Término de materia o nombre geográfico como elemento inicial Escuelas comunitarias- Edificios educacionales- Maldivas
690 ## - PUNTO DE ACCESO ADICIONAL DE MATERIA LOCAL--TÉRMINO DE MATERIA (OCLC, RLIN)
Término de materia o nombre geográfico como elemento inicial Maldivas- Edificios educacionales
700 1# - ASIENTO SECUNDARIO--NOMBRE DE PERSONAL
Nombre de persona Zubair, Habeeba, coaut.
710 2# - ASIENTO SECUNDARIO - NOMBRE CORPORATIVO
Nombre de entidad corporativa o nombre de jurisdicción como elemento de entrada UNESCO. Principal Regional Office for Education in Asia andthe Pacific.
905 ## - TIPO DE MATERIAL
Tipo de material UNESCO

No items available.